Respuesta por el señor Bert a la contestación de los señores Lletget, Masarnau y Blesa al folleto que ha publicado el señor Bert contra el dictamen que dieron al Tribunal Eclesiástico sobre el producto titulado Cera Vegetal. (Record no. 47786)

MARC details
000 -LEADER
campo de control de longitud fija 00853nam a2200193 i 4500
001 - NÚMERO DE CONTROL
campo de control 47786
003 - IDENTIFICADOR DE NÚMERO DE CONTROL
campo de control ES-MaACL
005 - FECHA Y HORA DE LA ÚLTIMA TRANSACCIÓN
campo de control 20230906161630.0
007 - CAMPO FIJO DE DESCRIPCIÓN FÍSICA--INFORMACIÓN GENERAL
campo de control de longitud fija t|
008 - DATOS DE LONGITUD FIJA--INFORMACIÓN GENERAL
campo de control de longitud fija 030527s1853 sp ||||1| spa d
100 1# - ENTRADA PRINCIPAL--NOMBRE DE PERSONA
Nombre de persona Bert, Juan.
9 (RLIN) 28417
245 10 - MENCIÓN DEL TÍTULO
Título Respuesta por el señor Bert a la contestación de los señores Lletget, Masarnau y Blesa al folleto que ha publicado el señor Bert contra el dictamen que dieron al Tribunal Eclesiástico sobre el producto titulado Cera Vegetal.
260 ## - PUBLICACIÓN, DISTRIBUCIÓN, ETC.
Lugar de publicación, distribución, etc. Madrid :
Nombre del editor, distribuidor, etc. [s.n.],
Fecha de publicación, distribución, etc. 1853 (
Fabricante Imp. J.M. González)
300 ## - DESCRIPCIÓN FÍSICA
Extensión 24 p. ;
Dimensiones 21 cm.
530 ## - NOTA DISPONIBLE DE FORMULARIO FÍSICO ADICIONAL
Nota de formato físico adicional disponible Disponible en formato digital.
650 #4 - PUNTO DE ACCESO ADICIONAL DE MATERIA--TÉRMINO DE MATERIA
Término de materia o nombre geográfico como elemento de entrada Ceras.
9 (RLIN) 158073
852 ## - LOCALIZACIÓN
Ubicación ES-MaACL
Número de control de estantería T-28-F-2.-
Nota libre Enc. hol., falto de la enc. original.- Enc. en un vol. facticio
856 ## - LOCALIZACIÓN Y ACCESO ELECTRÓNICOS
Identificador Uniforme de Recursos <a href="http://bdh-rd.bne.es/viewer.vm?id=0000130894&page=1 ">http://bdh-rd.bne.es/viewer.vm?id=0000130894&page=1 </a>
Nota pública Biblioteca Digital Hispánica
Holdings
Estatus retirado Estado de pérdida Estado de daño No para préstamo Colección Biblioteca de origen Biblioteca actual Ubicación en estantería Fecha de adquisición Fuente de adquisición Total de préstamos Signatura topográfica completa Código de barras Visto por última vez Precio de reemplazo Tipo de ítem Koha
        Colección de folletos Biblioteca del Ateneo de Madrid Biblioteca del Ateneo de Madrid Depósito folletos 17/01/2008     T-28-F-2 1050289 23/02/2023 23/02/2023 Folleto